| 000 | 00000nam 2200000zi 4500 |
| 001 | 9.894930 |
| 003 | CaOODSP |
| 005 | 20250107144055 |
| 006 | m o d f |
| 007 | cr cn||||||||| |
| 008 | 201224e202201##qucd obs f000 0 eng d |
| 020 | |a9780660370033 |
| 040 | |aCaOODSP|beng|erda|cCaOODSP |
| 043 | |an-cn--- |
| 086 | 1 |aEn4-144/71-2022E-PDF |
| 245 | 00|aCanadian environmental sustainability indicators : |bsolid waste diversion and disposal. |
| 246 | 14|aSolid waste diversion and disposal |
| 264 | 1|aGatineau QC : |bEnvironment and Climate Change Canada = Environnement et changement climatique Canada, |cJanuary 2022. |
| 264 | 4|c©2022 |
| 300 | |a1 online resource (18 pages) : |bcolour graphs |
| 336 | |atext|btxt|2rdacontent |
| 337 | |acomputer|bc|2rdamedia |
| 338 | |aonline resource|bcr|2rdacarrier |
| 500 | |aIssued also in French under title: Indicateurs canadiens de durabilité de l'environnement : réacheminement et élimination des déchets solides. |
| 500 | |aIssued also in HTML format. |
| 504 | |aIncludes bibliographical references. |
| 650 | 0|aRefuse and refuse disposal|zCanada|vStatistics. |
| 650 | 0|aEnvironmental indicators|zCanada. |
| 655 | 7|aStatistics|2lcgft |
| 710 | 1 |aCanada. |bEnvironment and Climate Change Canada, |eissuing body. |
| 775 | 08|tIndicateurs canadiens de durabilité de l'environnement : |w(CaOODSP)9.894931 |
| 794 | |tCanadian environmental sustainability indicators : |b(January 2024)|w(CaOODSP)9.932310 |
| 795 | |tCanadian environmental sustainability indicators |b(December 2018)|w(CaOODSP)9.865728 |
| 856 | 40|qPDF|s1.10 MB|uhttps://publications.gc.ca/collections/collection_2022/eccc/en4-144/En4-144-71-2022-eng.pdf |
| 856 | 4 |qHTML|sN/A|uhttps://www.canada.ca/en/environment-climate-change/services/environmental-indicators/solid-waste-diversion-disposal.html |